General knowledge - Statistics

General Stats
  • This quiz has been taken 27 times
  • The average score is 5 of 20
Answer Stats
Question Answer % Correct
Best-selling beer brand in Europe Heineken
71%
“Float like a butterfly, sting like a bee.” Who said this? Muhammed Ali
67%
Who was the only U.S. president to resign from office? Richard Nixon
52%
The oldest American city is located in which state? Florida
48%
Who invented the first gasoline-powered car? Karl Benz
48%
Historical figure estimated to have caused the highest number of deaths? (45-75 million) Mao Zedong
33%
Most populous coast city in the EU Barcelona
29%
Which football team is nicknamed “The Old Lady”? Juventus
29%
Highest rated movie on IMDb? The Shawshank Redemption
24%
Who said this famous quote: "If you are going through hell, keep going." Winston Churchill
19%
Most downloaded app in the world (2025) ChatGPT
10%
The first and most controversial champions league winners Marseille
10%
English word with the most synonyms (hint: common verb) Run
10%
Casu marzu is a type of cheese containing live larvae. Where is it from? Sardinia
10%
The world’s largest ski resort Les 3 Vallées
5%
European country with the highest suicide rate Lithuania
5%
Most disliked food in the USA (according to a YouGov survey) Anchovies
0%
Cocktails that contains vodka, triple sec, cranberry juice and lime juice Cosmopolitan
0%
Who said: “Without music, life would be a mistake.” Friedrich Nietzsche
0%
Most spoken unofficial language in the world (82 million native speakers) Javanese
0%
No matching quizzes found
Score Distribution
Percent of People with Each Score
Percentile by Number Answered
Your Score History
You have not taken this quiz